Co podajemy z grilla podczas imprez - Statystyki

Ogólne statystyki
  • Ten quiz został rozwiązany 20 razy
  • Średni wynik to 6 z 15
Statystyki odpowiedzi
Potrawy % Poprawnych
Kiełbasa
95%
Karkówka
75%
Kaszanka
75%
Szaszłyk
70%
Boczek
50%
Cukinia
40%
Ryba
40%
Ser
30%
Skrzydełka z kurczaka
30%
Stek
30%
Udka z kurczaka
25%
Burger
20%
Kabaczek
15%
Grzanka
5%
Grzyby
5%
Nie znaleziono quizów pasujących do podanych kryteriów
Rozkład punktacji
Procent ludzi z każdym wynikiem
Percentyl według liczby udzielonych odpowiedzi
Twoja historia wyników
Nie rozwiązałeś tego quizu